Environmental indicators : OECD core set = Indicateurs d'environnement : corps central de l'OCDE

Αποθηκεύτηκε σε:
Λεπτομέρειες βιβλιογραφικής εγγραφής
Συγγραφή απο Οργανισμό/Αρχή: Organisation for Economic Co-operation and Development
Μορφή: Βιβλίο
Γλώσσα:English
French
Δημοσίευση: Paris : Organisation for Economic Co-operation and Development, c1994
Θέματα:
Ετικέτες: Προσθήκη ετικέτας
Δεν υπάρχουν, Καταχωρήστε ετικέτα πρώτοι!

MARC

LEADER 00000nam a2200000 i 4500
001 1/4971
008 960909s1994 i eng d
020 |a 92-64-04263-6 
035 |l 10015843 
040 |a GR-MY-UA  |b gre  |e aacr 
041 0 |a eng  |h fre 
082 0 |a 363.7 
110 2 |a Organisation for Economic Co-operation and Development. 
245 1 0 |a Environmental indicators :  |b OECD core set = Indicateurs d'environnement : corps central de l'OCDE /  |c Organisation for Economic Co-Operation and Development 
260 |a Paris :   |b Organisation for Economic Co-operation and Development,   |c c1994 
300 |a 159 p.;  |c 27 cm 
650 0 0 |a Environmental indicators. 
650 0 0 |a Environmental protection  |x Evaluation. 
650 0 0 |a Pollution  |x Measurement  |x Standards. 
650 0 0 |a Environmental policy. 
852 |a INST  |b LESVOS  |e 19980126  |h 363.7 ENV  |p 005100008960  |q 005100008960  |t BK  |y 0 
852 |a INST  |b LESVOS  |e 19960909  |h 363.7 ENV  |p 005100010328  |q 005100010328  |t BK  |y 0 
909 |a Λ  |b 046563 
909 |a Λ  |b 036860 
950 |a 170/1995-10-24